Η παιδαγωγική του Αλέξανδρου Π. Δελμούζου : συστηματική εξέταση του έργου και της δράσης του
Saved in:
| Main Author: | |
|---|---|
| Format: | Book |
| Language: | Greek |
| Published: |
[Θεσσαλονίκη] :
Κυριακίδης,
[c2006].
|
| Edition: | 2η έκδ. συμπλ. |
| Series: | Παιδαγωγική και εκπαίδευση ;
v.9 |
| Subjects: | |
| Tags: |
Add Tag
No Tags, Be the first to tag this record!
|
MARC
| LEADER | 00000cam a2200000 i 4500 | ||
|---|---|---|---|
| 001 | 1/69323 | ||
| 008 | 080105s2006 gr | ||| |||| ||gre|| | ||
| 020 | |a 9603439185 | ||
| 035 | |l 10093385 | ||
| 040 | |a GR-MY-UA |b gre |e aacr | ||
| 041 | 0 | |a gre | |
| 082 | 7 | |a 370.924 |2 (22) | |
| 100 | 1 | |a Τερζής, Νίκος Π., |d 1941- | |
| 245 | 1 | 2 | |a Η παιδαγωγική του Αλέξανδρου Π. Δελμούζου : |b συστηματική εξέταση του έργου και της δράσης του / |c Νίκος Π. Τερζής. |
| 250 | |a 2η έκδ. συμπλ. | ||
| 260 | |a [Θεσσαλονίκη] : |b Κυριακίδης, |c [c2006]. | ||
| 300 | |a 352 σ. ; |c 21 εκ. | ||
| 490 | 1 | |a (Παιδαγωγική και εκπαίδευση ; |v vol.9) | |
| 504 | |a Βιβλιογραφία: σ. [337]-344. | ||
| 600 | 1 | 0 | |a Δελμούζος, Αλέξανδρος Π., |d 1880-1956. |
| 650 | 0 | 0 | |a Educators |z Greece |x Biography. |
| 650 | 0 | 0 | |a Education |z Greece. |
| 830 | 0 | |a Παιδαγωγική και εκπαίδευση ; |v v.9 | |
| 852 | |a INST |b RHODES |e 20080105 |h 370.924 ΤΕΡ |p 005400030303 |q 005400030303 |t BK |y 0 | ||
| 909 | |a Ρ |b 141699 | ||
| 922 | |a 4ΕΛΗ |b 200711 |c ΕΠΕΑΕΚ2/ΠΤΔΕ |d Σ. ΠΑΤΑΚΗΣ | ||
| 970 | |a ΚΟΖΑ |b ΜΑΡΙΑ |z 2008/01/05 | ||